<?xml version="1.0" encoding="UTF-8"?>
<marc:record xmlns:marc="http://www.loc.gov/MARC21/slim">
   <marc:leader>00000nam a2200000 a 4500</marc:leader>
   <marc:datafield ind1="1" ind2=" " tag="100">
      <marc:subfield code="a">Nadir, Aziza</marc:subfield>
   </marc:datafield>
   <marc:datafield ind1="1" ind2=" " tag="100">
      <marc:subfield code="a">Morin, Cyril</marc:subfield>
   </marc:datafield>
   <marc:datafield ind1="1" ind2=" " tag="100">
      <marc:subfield code="a">Keyzer, Bruno ¬de¬</marc:subfield>
   </marc:datafield>
   <marc:datafield ind1="1" ind2=" " tag="100">
      <marc:subfield code="a">Sales, Juliette</marc:subfield>
   </marc:datafield>
   <marc:datafield ind1="1" ind2=" " tag="100">
      <marc:subfield code="a">Guerdjou, Bourlem</marc:subfield>
   </marc:datafield>
   <marc:datafield ind1="0" ind2="0" tag="245">
      <marc:subfield code="a">Zaïna - Königin der Pferde</marc:subfield>
   </marc:datafield>
   <marc:datafield ind1="0" ind2="0" tag="245">
      <marc:subfield code="c">Regie: Bourlem Guerdjou. Drehb.: Juliette Sales ... Kamera: Bruno de Keyzer. Musik: Cyril Morin. Darst.: Aziza Nadir ; Sami Bouajila ; Simon Abkarian ...</marc:subfield>
   </marc:datafield>
   <marc:datafield ind1=" " ind2="1" tag="264">
      <marc:subfield code="a">Unterföhring</marc:subfield>
      <marc:subfield code="b">Paramount Home Entertainment</marc:subfield>
      <marc:subfield code="c">2007</marc:subfield>
   </marc:datafield>
   <marc:datafield ind1="1" ind2=" " tag="490">
      <marc:subfield code="a">Paramount-Collection</marc:subfield>
   </marc:datafield>
   <marc:datafield ind1="1" ind2=" " tag="520">
      <marc:subfield code="a">Im Zentrum des Films steht die 12-jährige Hauptdarstellerin Zaïna. Nach dem Tod ihrer Mutter möchte diese nicht bei Omar, deren Liebhaber bleiben, sondern schließt sich ihrem unbekannten Vater, dem Nomaden Mustafa an. Dieser ist gerade auf dem Weg nach Marrakesch zu dem legendären Pferderennen Agdal. Gemeinsam beginnen sie mit der gefährlichen Überquerung des monumentalen Atlas-Gebirges. Bis sie am Ziel sind, sind immer wieder der Mut und die Ausdauer von Zaïna gefragt, um sich gegen Pferdebanden zu wehren oder gefährliche Passagen zu überwinden. Nebenbei entwickelt sich eine tragfähige Vater-Tochter-Beziehung. - "Zaïna - Königin der Pferde" ist kein klassischer Pferdefilm, sondern die Entwicklungsgeschichte eines jungen Mädchens und gleichzeitig ein gekonnter Einblick in die arabische Kultur und das Leben der Frauen. Diese "märchenhafte, orientalische Geschichte" (Tagesspiegel) kommt besonders gut durch die großartigen Landschaftsaufnahmen des Atlas-Gebirges zur Geltung. Ein sehenswerter Familienfilm.</marc:subfield>
   </marc:datafield>
   <marc:datafield ind1=" " ind2=" " tag="500">
      <marc:subfield code="a">Untertitel: D</marc:subfield>
   </marc:datafield>
   <marc:datafield ind1="0" ind2=" " tag="490">
      <marc:subfield code="v">0</marc:subfield>
   </marc:datafield>
   <marc:datafield ind1=" " ind2=" " tag="300">
      <marc:subfield code="a">1DVD (96 Min.)</marc:subfield>
   </marc:datafield>
</marc:record>
